Bricks and mortarboards (Record no. 109281)

MARC details
000 -LEADER
fixed length control field 01358cad a22002295a 4500
001 - CONTROL NUMBER
control field L146760
008 - FIXED-LENGTH DATA ELEMENTS--GENERAL INFORMATION
fixed length control field 090224s2008 xxkabdof s 000 0 eng d
035 ## - SYSTEM CONTROL NUMBER
System control number (Sirsi) u146760
041 0# - LANGUAGE CODE
Language code of text/sound track or separate title eng
050 04 - LIBRARY OF CONGRESS CALL NUMBER
Classification number 306.1 $2 18
110 2# - MAIN ENTRY--CORPORATE NAME
Corporate name or jurisdiction name as entry element Knight Frank
9 (RLIN) 1530
245 00 - TITLE STATEMENT
Title Bricks and mortarboards
Remainder of title the student accommodation review 2008
Medium [electronic resource]
260 ## - PUBLICATION, DISTRIBUTION, ETC.
Place of publication, distribution, etc. London
Name of publisher, distributor, etc. Knight Frank
Date of publication, distribution, etc. 2008
505 2# - FORMATTED CONTENTS NOTE
Formatted contents note Growing demand -- The importance of international students -- A growing sector -- Main players -- Investment opportunity -- Location analysis -- Investment returns -- Prime student markets
520 ## - SUMMARY, ETC.
Summary, etc. Review looks at the student accommodation market and suggests that it can be an attractive alternative investment area, albeit relatively immature as a market. Investigates the current state of the sector and possible future developments. Includes the Knight Frank Student Accommodation Investment Index, charts and statistics.
521 ## - TARGET AUDIENCE NOTE
Target audience note Advanced
590 ## - LOCAL NOTE (RLIN)
Local note KA
651 #4 - SUBJECT ADDED ENTRY--GEOGRAPHIC NAME
Geographic name United Kingdom
Chronological subdivision
690 ## - LOCAL SUBJECT ADDED ENTRY--TOPICAL TERM (OCLC, RLIN)
Topical term or geographic name as entry element PROPERTY-OTHER PROPERTY TYPES-HALLS OF RESIDENCE
856 40 - ELECTRONIC LOCATION AND ACCESS
Uniform Resource Identifier <a href="https://www.propertyweek.com/Journals/Builder_Group/Property_Week/18_July_2008/attachments/Bricks%20and%20Mortarboards%20Student%20Accommodation%20Review%202008%20Knight%20Frank.pdf">https://www.propertyweek.com/Journals/Builder_Group/Property_Week/18_July_2008/attachments/Bricks%20and%20Mortarboards%20Student%20Accommodation%20Review%202008%20Knight%20Frank.pdf</a>
Public note View the item free of charge online at www.propertyweek.com
942 ## - ADDED ENTRY ELEMENTS (KOHA)
Suppress in OPAC 0
Holdings
Withdrawn status Lost status Source of classification or shelving scheme Damaged status Not for loan Home library Current library Shelving location Date acquired Total Checkouts Full call number Barcode Date last seen Copy number Price effective from Koha item type
    Dewey Decimal Classification     Virtual Virtual Online 24/02/2009   ONLINE PUBLICATION 146760-1001 06/08/2019 1 06/08/2019 Book